Disruptive coloration in butterflies (Registro nro. 13765)

Detalles MARC
000 -CABECERA
Campo de control 003880000a22001330004500
090 ## - CLASIFICACIÓN LOCAL
Colección AR
Consecutivo 04665
041 0# - IDIOMA
Código de idioma para texto/pista de sonido o título separado
100 1# - ASIENTO PRINCIPAL--NOMBRE PERSONAL
Nombre personal Silberglied, Robert E.
245 10 - MENCION DE TITULO
Título Disruptive coloration in butterflies
Version lack of support in Anartia fatima
700 1# - ASIENTO SECUNDARIO - NOMBRE PERSONAL
Nombre personal Aiello, Annette
700 1# - ASIENTO SECUNDARIO - NOMBRE PERSONAL
Nombre personal Windsor, Donald M.
773 1# - Item fuente:
Título Science
Paginas del Articulo 617-619
Lugar, editorial y fecha de publicación 1980
Información sobre la relación 209
942 ## - ELEMENTOS ADICIONALES (KOHA)
Tipo de ítem Artículo
Existencias
Withdrawn status Lost status Damaged status No para préstamo Colección Ubicación Permanente Ubicación actual Fecha de adquisición Fuente de Valor Datos de publicación Seriada Total Checkouts Número topográfico Inventario / Código de Barras Date last seen Ejemplar Price effective from Forma de adquisición Tipo de material
      No para Préstamo Hemeroteca Bogotá Bogotá 19/04/2010 Escobar Sarria, Federico Fuera de circulación   AR 04665 028022 25/03/2015 1 25/03/2015   Artículo